|
|
|
|
| LEADER |
00000nam0a2200000 4500 |
| 001 |
178310 |
| 005 |
20231101223410.0 |
| 010 |
|
|
|a 9785946283366
|
| 035 |
|
|
|a (RuTPU)RU\TPU\book\193310
|
| 090 |
|
|
|a 178310
|
| 100 |
|
|
|a 20100406d2008 km y0rusy50 ca
|
| 101 |
0 |
|
|a rus
|
| 102 |
|
|
|a RU
|
| 105 |
|
|
|a a z 001zy
|
| 200 |
1 |
|
|a Гомогенный металлокомплексный катализ: кинетические аспекты
|f О. Н. Темкин
|
| 210 |
|
|
|a Москва
|c Академкнига
|d 2008
|
| 215 |
|
|
|a 918 с.
|c ил.
|
| 320 |
|
|
|a Библиогр. в конце глав.
|
| 330 |
|
|
|a Монография является первым в мировой литературе обобщением результатов исследований последних шестидесяти лет и, по существу, энциклопедией в области кинетики и теории механизмов органических и неорганических реакций, катализируемых комплексами металлов в водных и неводных растворах. Обсуждаются особенности кинетики каталитических реакций в условиях сосуществования разнообразных форм одно- и многоядерных комплексов и нанокластеров металлов, механизмы формирования активных центров, нелинейные механизмы и нелинейные модели, включая режимы автоколебаний. Рассмотрены основы рациональной стратегии изучения механизмов и построения теоретически обоснованных кинетических моделей многомаршрутных реакций. Представлены кинетические модели большинства промышленных процессов в растворах металлокомплексных катализаторов. Для специалистов в области каталитической химии и химической кинетики. Может служить учебным пособием для студентов старших курсов, магистров и аспирантов университетов и химико-технологических вузов для углубленного изучения химической кинетики каталитических реакций.
|
| 606 |
1 |
|
|a Катализ гомогенный
|2 stltpush
|3 (RuTPU)RU\TPU\subj\14049
|9 40541
|
| 610 |
1 |
|
|a металлокомплексный анализ
|
| 610 |
1 |
|
|a сложные реакции
|
| 610 |
1 |
|
|a кинетика
|
| 610 |
1 |
|
|a катализаторы
|
| 610 |
1 |
|
|a реагенты
|
| 610 |
1 |
|
|a комплексы металлов
|
| 610 |
1 |
|
|a полифункциональные каталитические системы
|
| 610 |
1 |
|
|a металлокомплексы
|
| 610 |
1 |
|
|a гомогенные реакции
|
| 610 |
1 |
|
|a нелинейные эффекты
|
| 610 |
1 |
|
|a кинетические модели
|
| 610 |
1 |
|
|a химическая кинетика
|
| 610 |
1 |
|
|a каталитическая химия
|
| 675 |
|
|
|a 544.47:544.342
|v 3
|
| 700 |
|
1 |
|a Темкин
|b О. Н.
|g Олег Наумович
|
| 801 |
|
1 |
|a RU
|b 63413507
|c 20100406
|
| 801 |
|
2 |
|a RU
|b 63413507
|c 20130807
|g RCR
|
| 942 |
|
|
|c BK
|